000 00712nam a2200289Ia 4500
005 20260324144731.0
008 008 260324s9999 xx 000 0 eng d
020 _a9780203134573
037 _aEBOOK
040 _aCRL
040 _beng
040 _cCRL
041 _2eng
041 _aeng
084 _qCRL
100 _aBarbara M. Sourkes
_91220406
245 0 _aArmfuls of Time
245 4 _bThe Psychological Experience of the Child with a Life-Threatening Illness
260 _bTaylor and Francis
260 _c1986
365 _a
365 _b195
856 _uhttp://www.taylorfrancis.com/books/9780203134573
942 _cEBOOK
999 _c1827395
_d1827395